Volleyballweltmeister Damen - Statistiken

Allgemein
  • Dieses Quiz wurde 229 mal gespielt
  • Das Durchschnittsergebnis liegt bei 12 aus 18
Antwortstatistiken
Jahr Weltmeister % Korrekt
2014 USA
93%
2002 Italien
82%
1962 Japan
76%
1967 Japan
76%
1974 Japan
76%
2006 Russland
76%
2010 Russland
76%
1982 Volksrepublik China
73%
1986 Volksrepublik China
73%
1952 Sowjetunion
69%
1956 Sowjetunion
69%
1960 Sowjetunion
69%
1970 Sowjetunion
69%
1990 Sowjetunion
69%
2018 Serbien
48%
1978 Kuba
32%
1994 Kuba
32%
1998 Kuba
32%
Keine übereinstimmenden Quizze gefunden
Verteilung der Resultate
Anzahl Personen mit jedem Resultat
Perzentil nach korrekt beantworteten Fragen
Ihre Resultats-Entwicklung
Sie haben dieses Quiz noch nicht gespielt